Леонардо Торрес-и-Кеведо; Информационные технологии; № 9

Бібліографічні деталі
Parent link:Информационные технологии: теоретический и прикладной научно-технический журнал.— , 2000-
№ 9.— 2004.— С. 48-57
Автор: Шилов В. В.
Мова:Російська
Опубліковано: 2004
Серія:Страницы истории
Предмети:
Формат: Частина з книги
KOHA link:https://koha.lib.tpu.ru/cgi-bin/koha/opac-detail.pl?biblionumber=394419

MARC

LEADER 00000naa2a2200000 4500
001 394419
005 20231102013556.0
035 |a (RuTPU)RU\TPU\prd\31143 
090 |a 394419 
100 |a 20041217a2004 k y0rusy50 ca 
101 0 |a rus 
102 |a RU 
200 1 |a Леонардо Торрес-и-Кеведо  |f В. В. Шилов 
225 1 |a Страницы истории 
320 |a Библиогр.: 13 назв. 
461 1 |0 (RuTPU)RU\TPU\prd\1520  |t Информационные технологии  |o теоретический и прикладной научно-технический журнал  |d 2000- 
463 1 |0 (RuTPU)RU\TPU\prd\28921  |t № 9  |v С. 48-57  |d 2004 
600 1 |a Торрес-и -Кеведо  |b Л.  |c инженер, изобретатель  |f 1852-1936  |g Леонардо  |2 stltpush  |3 (RuTPU)RU\TPU\pers\11721  |9 2871 
610 1 |a изобретатели 
610 1 |a канатные дороги 
610 1 |a дирижабли 
610 1 |a телеуправление 
610 1 |a Испания 
610 1 |a ученые 
610 1 |a биографии 
610 1 |a информатика 
610 1 |a автоматика 
610 1 |a телемеханика 
610 1 |a вычислительная техника 
610 1 |a искусственный интеллект 
675 |a 004  |v 3 
700 1 |a Шилов  |b В. В. 
801 1 |a RU  |b 63413507  |c 20041217  |g PSBO 
801 2 |a RU  |b 63413507  |c 20130508  |g RCR 
942 |c BK